[Event "18th HZ Open 2014"]
[Site "Vlissingen NED"]
[Date "2014.08.05"]
[Round "5.8"]
[White "Vishnu, P."]
[Black "Bijlsma, N."]
[Result "1/2-1/2"]
[WhiteElo "2469"]
[BlackElo "2210"]
[PlyCount "134"]
[EventDate "2014.08.02"]
[EventType "swiss"]
[EventRounds "9"]
[EventCountry "NED"]
[Source "Mark Crowther"]
[SourceDate "2014.08.11"]

1. d4 d5 2. c4 dxc4 3. Nf3 Nf6 4. e3 e6 5. Bxc4 c5 6. O-O a6 7. dxc5 Qxd1 8.
Rxd1 Bxc5 9. Be2 O-O 10. Nc3 Nbd7 11. Nd4 Rb8 12. Nb3 Be7 13. e4 b6 14. Bf4 e5
15. Be3 Re8 16. Rac1 Bb7 17. f3 Rec8 18. Kf2 Kf8 19. a3 Nc5 20. Nd2 b5 21. b4
Ne6 22. Nb3 Bc6 23. Nd5 Bd8 24. Nc5 Ra8 25. Nxe6+ fxe6 26. Nxf6 Bxf6 27. Rd6
Bb7 28. Rxe6 Rxc1 29. Bxc1 Rc8 30. Be3 Rc6 31. Rxc6 Bxc6 32. Bd1 Ke7 33. Bb3
Kd7 34. Bg8 h5 35. Kg3 Ke8 36. Be6 Bb7 37. Kf2 h4 38. Ke2 Ke7 39. Bg8 Bc8 40.
Bd5 Kd6 41. Kd3 g5 42. g3 hxg3 43. hxg3 Kc7 44. f4 gxf4 45. gxf4 exf4 46. Bxf4+
Kd8 47. e5 Be7 48. Kd4 a5 49. Bd2 Kc7 50. bxa5 Bxa3 51. e6 Bd6 52. Bg5 Bb7 53.
Bb3 Bb4 54. Bf4+ Kd8 55. Ke5 Bc3+ 56. Kf5 Bxa5 57. Bg5+ Kc7 58. e7 Bc6 59. Bf4+
Kd7 60. Kf6 Bd8 61. Be6+ Ke8 62. Bd6 Bxe7+ 63. Bxe7 b4 64. Bf7+ Kd7 65. Be6+
Ke8 66. Bf7+ Kd7 67. Be6+ Ke8 1/2-1/2

[Event "18th HZ Open 2014"]
[Site "Vlissingen NED"]
[Date "2014.08.05"]
[Round "5.9"]
[White "Timmermans, I."]
[Black "Zelbel, P."]
[Result "0-1"]
[WhiteElo "2203"]
[BlackElo "2410"]
[PlyCount "32"]
[EventDate "2014.08.02"]
[EventType "swiss"]
[EventRounds "9"]
[EventCountry "NED"]
[Source "Mark Crowther"]
[SourceDate "2014.08.11"]

1. e4 e5 2. Nf3 Nc6 3. Bb5 a6 4. Ba4 Nge7 5. O-O g6 6. c3 Bg7 7. d4 exd4 8.
cxd4 O-O 9. d5 Na5 10. Nc3 b5 11. Bc2 d6 12. Nd4 Bb7 13. b3 Rc8 14. Bb2 c6 15.
dxc6 Naxc6 16. Nxc6 Rxc6 0-1

[Event "18th HZ Open 2014"]
[Site "Vlissingen NED"]
[Date "2014.08.05"]
[Round "5.10"]
[White "Van Foreest, Jorden"]
[Black "Provoost, S."]
[Result "1-0"]
[WhiteElo "2467"]
[BlackElo "2260"]
[PlyCount "93"]
[EventDate "2014.08.02"]
[EventType "swiss"]
[EventRounds "9"]
[EventCountry "NED"]
[Source "Mark Crowther"]
[SourceDate "2014.08.11"]

1. e4 c5 2. Nf3 d6 3. Bb5+ Bd7 4. Bxd7+ Qxd7 5. O-O Nc6 6. d4 cxd4 7. Nxd4 g6
8. Nxc6 bxc6 9. Qd4 Nf6 10. e5 dxe5 11. Qxe5 Bg7 12. Qe2 O-O 13. Nd2 Rab8 14.
Nb3 Nd5 15. c3 Rfd8 16. Bg5 Qf5 17. Bh4 Rd7 18. Bg3 e5 19. Qc4 Rb6 20. Rad1 Bf8
21. Rfe1 Re7 22. Na5 Nf4 23. b4 Re6 24. Rd7 c5 25. b5 a6 26. a4 axb5 27. axb5
Qg4 28. h3 Qf5 29. Nc6 Rd6 30. Ra7 Nd3 31. Re3 Nb2 32. Qe2 Qb1+ 33. Kh2 f6 34.
Qg4 Qf5 35. Qe2 Qb1 36. Qg4 Qf5 37. Qh4 g5 38. Qh5 Qg6 39. Qe2 Nd1 40. Qc4+ Kh8
41. Nxe5 fxe5 42. Bxe5+ Rf6 43. Rf3 Qe8 44. Bxf6+ Rxf6 45. Rxf6 Qe5+ 46. Qf4
gxf4 47. Rxf8# 1-0

[Event "18th HZ Open 2014"]
[Site "Vlissingen NED"]
[Date "2014.08.05"]
[Round "5.11"]
[White "Visser, HJ."]
[Black "Ponizil, C."]
[Result "0-1"]
[WhiteElo "2256"]
[BlackElo "2428"]
[PlyCount "116"]
[EventDate "2014.08.02"]
[EventType "swiss"]
[EventRounds "9"]
[EventCountry "NED"]
[Source "Mark Crowther"]
[SourceDate "2014.08.11"]

1. e4 c5 2. Nf3 e6 3. d4 cxd4 4. Nxd4 a6 5. Bd3 Ne7 6. Be3 Nbc6 7. c3 Ng6 8. f4
Be7 9. g3 e5 10. Nxc6 bxc6 11. f5 Nf8 12. Bc4 h6 13. Qb3 d5 14. exd5 Bxf5 15.
O-O Bg5 16. Rxf5 Bxe3+ 17. Kg2 f6 18. Qb7 Rb8 19. Qxc6+ Nd7 20. Qe6+ Qe7 21. b4
a5 22. a3 Qxe6 23. dxe6 Nb6 24. Bb5+ Ke7 25. Rf3 Nd5 26. Bc6 e4 27. Rf1 Kxe6
28. Re1 Bb6 29. Rxe4+ Kd6 30. Bxd5 Kxd5 31. Nd2 Bc7 32. c4+ Kd6 33. Nb3 Rhe8
34. Rae1 Rxe4 35. Rxe4 axb4 36. axb4 Ra8 37. Nc5 Ra2+ 38. Kf3 Bb6 39. Re6+ Kc7
40. Re7+ Kd6 41. Re6+ Kc7 42. Nd3 Bg1 43. b5 Ra3 44. Ke2 Kd7 45. Rc6 Bxh2 46.
Nc5+ Ke7 47. Rc7+ Kd6 48. b6 f5 49. Nb7+ Ke5 50. Rxg7 Bxg3 51. Nd8 Ke4 52. c5
f4 53. c6 f3+ 54. Kd1 f2 55. Re7+ Kf3 56. Rf7+ Bf4 57. Rxf4+ Kxf4 58. Ne6+ Ke3
0-1

[Event "18th HZ Open 2014"]
[Site "Vlissingen NED"]
[Date "2014.08.05"]
[Round "5.12"]
[White "Geirnaert, S."]
[Black "Colijn, S."]
[Result "1/2-1/2"]
[WhiteElo "2419"]
[BlackElo "2254"]
[PlyCount "56"]
[EventDate "2014.08.02"]
[EventType "swiss"]
[EventRounds "9"]
[EventCountry "NED"]
[Source "Mark Crowther"]
[SourceDate "2014.08.11"]

1. d4 d5 2. c4 c6 3. Nc3 Nf6 4. cxd5 cxd5 5. Bf4 a6 6. e3 Nc6 7. Rc1 e6 8. Bd3
Bd6 9. Bxd6 Qxd6 10. f4 Nd7 11. g4 O-O 12. g5 Re8 13. Nf3 Nf8 14. Ne5 Bd7 15.
h4 Qe7 16. Qg4 Rec8 17. h5 Be8 18. O-O b5 19. Rcd1 Nxe5 20. fxe5 b4 21. Ne2 Bb5
22. Nf4 Bxd3 23. Nxd3 Rc2 24. Rf2 Rac8 25. Rdf1 Rxf2 26. Rxf2 a5 27. Qf4 Rc7
28. e4 Rc4 1/2-1/2

[Event "18th HZ Open 2014"]
[Site "Vlissingen NED"]
[Date "2014.08.05"]
[Round "5.13"]
[White "Hopman, P."]
[Black "Rebers, E."]
[Result "1/2-1/2"]
[WhiteElo "2387"]
[BlackElo "2240"]
[PlyCount "42"]
[EventDate "2014.08.02"]
[EventType "swiss"]
[EventRounds "9"]
[EventCountry "NED"]
[Source "Mark Crowther"]
[SourceDate "2014.08.11"]

1. d4 f5 2. g3 Nf6 3. Bg2 g6 4. c4 Bg7 5. Nf3 O-O 6. O-O d6 7. Nc3 c6 8. d5 e5
9. dxe6 Bxe6 10. b3 Na6 11. Ng5 Qe7 12. Ba3 Rad8 13. Nxe6 Qxe6 14. Rc1 Rfe8 15.
Qc2 Nc5 16. Bxc5 dxc5 17. Rfd1 Rxd1+ 18. Rxd1 Ng4 19. Bf3 Ne5 20. Bg2 Ng4 21.
Bf3 Ne5 1/2-1/2

[Event "18th HZ Open 2014"]
[Site "Vlissingen NED"]
[Date "2014.08.05"]
[Round "5.14"]
[White "Leenhouts, K."]
[Black "Van den Berg, Ad"]
[Result "1-0"]
[WhiteElo "2385"]
[BlackElo "2235"]
[PlyCount "41"]
[EventDate "2014.08.02"]
[EventType "swiss"]
[EventRounds "9"]
[EventCountry "NED"]
[Source "Mark Crowther"]
[SourceDate "2014.08.11"]

1. e4 c5 2. Nf3 Nc6 3. Bb5 e5 4. c3 Nge7 5. O-O a6 6. Bc4 b5 7. Bd5 d6 8. d4 f6
9. dxc5 dxc5 10. Be3 c4 11. a4 Rb8 12. axb5 axb5 13. b3 Nxd5 14. exd5 Ne7 15.
bxc4 bxc4 16. Ra7 Rb7 17. Ra8 Rb3 18. d6 Rxb1 19. Qa4+ Kf7 20. Rxb1 Qxd6 21.
Nd2 1-0

[Event "18th HZ Open 2014"]
[Site "Vlissingen NED"]
[Date "2014.08.05"]
[Round "5.15"]
[White "Ten Hertog, H."]
[Black "Brookes, C."]
[Result "1-0"]
[WhiteElo "2356"]
[BlackElo "2231"]
[PlyCount "91"]
[EventDate "2014.08.02"]
[EventType "swiss"]
[EventRounds "9"]
[EventCountry "NED"]
[Source "Mark Crowther"]
[SourceDate "2014.08.11"]

1. e4 c5 2. Nf3 d6 3. d4 cxd4 4. Nxd4 Nf6 5. Nc3 g6 6. Be3 Bg7 7. f3 Nc6 8. Qd2
O-O 9. O-O-O Nxd4 10. Bxd4 Be6 11. Kb1 Qc7 12. g4 Rfc8 13. h4 Qa5 14. a3 Rab8
15. h5 b5 16. h6 Bh8 17. g5 b4 18. Nb5 Ne8 19. Qxb4 Qxb4 20. axb4 a6 21. Bxh8
Kxh8 22. Nd4 Rxb4 23. Nxe6 fxe6 24. Bxa6 Rcb8 25. b3 Nc7 26. Bd3 e5 27. Rhg1
Ne6 28. Kb2 Nd4 29. Rg3 Rf8 30. Rf1 Rbb8 31. Bc4 Rfc8 32. Bd3 Rf8 33. Rf2 Rf4
34. Bc4 Rbf8 35. c3 Nxf3 36. Rgxf3 Rxf3 37. Rxf3 Rxf3 38. b4 Rf4 39. Bd5 e6 40.
Bxe6 Rxe4 41. b5 Ra4 42. Kb3 Ra7 43. Bd5 Re7 44. b6 e4 45. b7 Re8 46. Bxe4 1-0

[Event "18th HZ Open 2014"]
[Site "Vlissingen NED"]
[Date "2014.08.05"]
[Round "5.16"]
[White "Roos, Ad"]
[Black "Taddei, B."]
[Result "1-0"]
[WhiteElo "2211"]
[BlackElo "2348"]
[PlyCount "71"]
[EventDate "2014.08.02"]
[EventType "swiss"]
[EventRounds "9"]
[EventCountry "NED"]
[Source "Mark Crowther"]
[SourceDate "2014.08.11"]

1. d4 Nc6 2. d5 Ne5 3. f4 Ng6 4. e4 e5 5. dxe6 fxe6 6. Nc3 Bb4 7. a3 Bxc3+ 8.
bxc3 e5 9. Nf3 exf4 10. Bc4 d6 11. O-O Qe7 12. Nd4 Ne5 13. Bxg8 Bg4 14. Qe1
Rxg8 15. Bxf4 c5 16. Qg3 cxd4 17. cxd4 g5 18. Bxe5 dxe5 19. Qxg4 exd4 20. e5
Rd8 21. Rf6 Rg6 22. Raf1 a6 23. Qf5 Rxf6 24. exf6 Qe3+ 25. Kh1 Qe2 26. f7+ Kf8
27. Qf6 Qxf1+ 28. Qxf1 Rd7 29. Qf6 Rxf7 30. Qd8+ Kg7 31. Qxg5+ Kf8 32. Qd8+ Kg7
33. Qxd4+ Kg8 34. g4 h6 35. Kg2 Kh7 36. h4 1-0

[Event "18th HZ Open 2014"]
[Site "Vlissingen NED"]
[Date "2014.08.05"]
[Round "5.17"]
[White "Grochal, J."]
[Black "Sadikhov, U."]
[Result "0-1"]
[WhiteElo "2205"]
[BlackElo "2335"]
[PlyCount "136"]
[EventDate "2014.08.02"]
[EventType "swiss"]
[EventRounds "9"]
[EventCountry "NED"]
[Source "Mark Crowther"]
[SourceDate "2014.08.11"]

1. d4 d6 2. Nf3 g6 3. c4 Bg7 4. Nc3 Nd7 5. e4 e5 6. Be2 Ngf6 7. O-O O-O 8. Be3
Qe7 9. Qc2 c6 10. Rfe1 h6 11. Nd2 Ng4 12. Bxg4 exd4 13. Bxd4 Bxd4 14. Nf3 Bg7
15. Rad1 Ne5 16. Nxe5 Qxe5 17. Bxc8 Raxc8 18. Re3 Rfd8 19. Red3 Qc5 20. Qb3 b6
21. g3 Rd7 22. a3 Re8 23. Qb4 Qxb4 24. axb4 Bxc3 25. bxc3 Rxe4 26. Rxd6 Rxd6
27. Rxd6 Rxc4 28. Rd7 Rxc3 29. Rxa7 b5 30. h4 h5 31. Rc7 Kg7 32. Kf1 Rc2 33.
Kg2 Kf6 34. Kf3 Ke6 35. Ke4 Rc4+ 36. Ke3 f6 37. Rc8 Kf5 38. Kf3 g5 39. hxg5
fxg5 40. Rc7 Rc3+ 41. Ke2 Kg4 42. Rg7 Kf5 43. Rf7+ Ke6 44. Rc7 Rc4 45. Kf3 Kf5
46. Rc8 Ke6 47. Ke3 g4 48. f4 gxf3 49. Kxf3 Kd7 50. Rh8 Rxb4 51. Rxh5 Rc4 52.
g4 b4 53. g5 Ke6 54. g6 Kf6 55. Rg5 Kg7 56. Ke3 b3 57. Rg1 c5 58. Rg2 Rc3+ 59.
Ke4 Rc2 60. Rg1 b2 61. Rb1 c4 62. Kf5 c3 63. Re1 Rf2+ 64. Kg5 Rg2+ 65. Kf5 c2
66. Re7+ Kf8 67. Ra7 c1=Q 68. Kf6 Qc6+ 0-1

[Event "18th HZ Open 2014"]
[Site "Vlissingen NED"]
[Date "2014.08.05"]
[Round "5.18"]
[White "Piceu, T."]
[Black "Lacrosse, M."]
[Result "1-0"]
[WhiteElo "2330"]
[BlackElo "2174"]
[PlyCount "66"]
[EventDate "2014.08.02"]
[EventType "swiss"]
[EventRounds "9"]
[EventCountry "NED"]
[Source "Mark Crowther"]
[SourceDate "2014.08.11"]

1. d4 d5 2. c4 e6 3. Nc3 Nf6 4. Bg5 c6 5. e3 Nbd7 6. Bd3 dxc4 7. Bxc4 Be7 8.
Nf3 Nd5 9. Bxe7 Qxe7 10. Rc1 O-O 11. O-O Nxc3 12. Rxc3 e5 13. Bb3 e4 14. Nd2
Nf6 15. Rc5 Bg4 16. Qe1 Nd7 17. Rc3 Nf6 18. f3 exf3 19. Qh4 Rfe8 20. gxf3 Be6
21. Bc2 h6 22. Qg3 Rad8 23. Kh1 Rd5 24. Qf2 c5 25. Nb3 cxd4 26. Nxd4 Rc5 27.
Rxc5 Qxc5 28. Rc1 Qe5 29. Bb1 Rc8 30. Rg1 Re8 31. Qg2 Nh5 32. Nxe6 Rxe6 33. Qg4
g6 1-0

[Event "18th HZ Open 2014"]
[Site "Vlissingen NED"]
[Date "2014.08.05"]
[Round "5.19"]
[White "Dijkhuis, Tycho"]
[Black "Gieben, Stijn"]
[Result "1-0"]
[WhiteElo "2327"]
[BlackElo "2134"]
[PlyCount "65"]
[EventDate "2014.08.02"]
[EventType "swiss"]
[EventRounds "9"]
[EventCountry "NED"]
[Source "Mark Crowther"]
[SourceDate "2014.08.11"]

1. e4 c5 2. Nf3 d6 3. d4 cxd4 4. Nxd4 Nf6 5. Nc3 a6 6. h3 e5 7. Nb3 Be6 8. Be3
Nbd7 9. g4 h6 10. Qd2 Be7 11. O-O-O b5 12. f4 exf4 13. Bxf4 Ne5 14. Qg2 Qc7 15.
Nd4 O-O 16. Kb1 Rac8 17. Nd5 Bxd5 18. exd5 Nfd7 19. Be2 Nb6 20. h4 Ng6 21. Bc1
Bf6 22. Bf1 Qc5 23. Nb3 Qb4 24. g5 hxg5 25. hxg5 Be5 26. Bd3 Rc4 27. Bxc4 Qxc4
28. Na5 Qc5 29. Qh3 Re8 30. Nc6 Nxd5 31. Qh7+ Kf8 32. Qh8+ Nxh8 33. Rxh8# 1-0

[Event "18th HZ Open 2014"]
[Site "Vlissingen NED"]
[Date "2014.08.05"]
[Round "5.20"]
[White "Saravanan, V1."]
[Black "Den Hartog, Marijn"]
[Result "1-0"]
[WhiteElo "2320"]
[BlackElo "2102"]
[PlyCount "81"]
[EventDate "2014.08.02"]
[EventType "swiss"]
[EventRounds "9"]
[EventCountry "NED"]
[Source "Mark Crowther"]
[SourceDate "2014.08.11"]

1. d4 Nf6 2. c4 g6 3. f3 Bg7 4. e4 d6 5. Nc3 O-O 6. Be3 Nc6 7. Nge2 a6 8. Qd2
Rb8 9. Rb1 b5 10. cxb5 axb5 11. b4 e5 12. d5 Ne7 13. Ng3 Bd7 14. Be2 c6 15. O-O
cxd5 16. exd5 Qc7 17. Rbc1 Qb7 18. Nge4 Nf5 19. Bg5 Nxe4 20. fxe4 Qb6+ 21. Kh1
Nd4 22. Bf6 Rfc8 23. Bd3 Rb7 24. Bxg7 Kxg7 25. Qf2 Be8 26. Qf6+ Kg8 27. h4 h5
28. Ne2 Rxc1 29. Rxc1 Nxe2 30. Bxe2 Rc7 31. Rf1 Qe3 32. Bxh5 Qxe4 33. Qd8 Qc4
34. Rf3 Rc8 35. Qf6 Qc1+ 36. Kh2 e4 37. Rg3 Qc7 38. Bg4 Qd8 39. Qf4 Qxh4+ 40.
Rh3 Qe7 41. Bxc8 1-0

[Event "18th HZ Open 2014"]
[Site "Vlissingen NED"]
[Date "2014.08.05"]
[Round "5.21"]
[White "Verstraeten, R."]
[Black "Sekandar, K."]
[Result "1-0"]
[WhiteElo "2298"]
[BlackElo "2093"]
[PlyCount "49"]
[EventDate "2014.08.02"]
[EventType "swiss"]
[EventRounds "9"]
[EventCountry "NED"]
[Source "Mark Crowther"]
[SourceDate "2014.08.11"]

1. d4 Nf6 2. c4 e6 3. Nc3 Bb4 4. e3 b6 5. Nge2 c5 6. a3 Ba5 7. Rb1 Na6 8. g3
Bb7 9. d5 b5 10. b3 Ne4 11. Bd2 exd5 12. Bg2 bxc4 13. bxc4 Rb8 14. O-O O-O 15.
cxd5 Nxd2 16. Qxd2 d6 17. Qc2 Bc8 18. Na4 Bd7 19. Nb2 Bb5 20. Be4 h6 21. Bd3
Qc7 22. Bxb5 Rxb5 23. Nc4 Rfb8 24. Rxb5 Rxb5 25. Qa4 1-0

[Event "18th HZ Open 2014"]
[Site "Vlissingen NED"]
[Date "2014.08.05"]
[Round "5.22"]
[White "Van Osch, Mees"]
[Black "Pucher, S."]
[Result "0-1"]
[WhiteElo "2200"]
[BlackElo "2293"]
[PlyCount "114"]
[EventDate "2014.08.02"]
[EventType "swiss"]
[EventRounds "9"]
[EventCountry "NED"]
[Source "Mark Crowther"]
[SourceDate "2014.08.11"]

1. e4 Nf6 2. e5 Nd5 3. Nc3 Nb6 4. d4 d6 5. Nf3 Nc6 6. Bb5 a6 7. Bxc6+ bxc6 8.
O-O Bf5 9. Re1 h6 10. Qe2 e6 11. b3 Be7 12. Bb2 O-O 13. Ne4 d5 14. Nc5 Nd7 15.
Ba3 Nxc5 16. Bxc5 Bxc5 17. dxc5 Bg4 18. h3 Bxf3 19. Qxf3 a5 20. a4 Rb8 21. Rad1
Rb4 22. Qc3 Qh4 23. Rd2 Rd8 24. Qb2 Qc4 25. Rb1 Rdb8 26. Rd3 Qxc5 27. Rg3 Qe7
28. Qc3 c5 29. Qe3 Kh8 30. Rd1 Re4 31. Qc3 Rbb4 32. Re1 Rxe1+ 33. Qxe1 c6 34.
Qe2 Qc7 35. Re3 Kg8 36. Qh5 Rf4 37. g3 Rb4 38. Qe2 Qb6 39. Rc3 Re4 40. Re3 Rb4
41. Rc3 Rd4 42. Kg2 Re4 43. Re3 Rxe3 44. Qxe3 Qb4 45. Kf1 c4 46. Qd4 c5 47. Qh4
cxb3 48. Qxb4 cxb4 49. cxb3 f6 50. exf6 g5 51. f4 gxf4 52. gxf4 Kf7 53. Kf2
Kxf6 54. Ke2 Kf5 55. Ke3 e5 56. fxe5 Kxe5 57. Kd3 d4 0-1

[Event "18th HZ Open 2014"]
[Site "Vlissingen NED"]
[Date "2014.08.05"]
[Round "5.23"]
[White "Stange, S."]
[Black "Sanders, I."]
[Result "1/2-1/2"]
[WhiteElo "2137"]
[BlackElo "2282"]
[PlyCount "90"]
[EventDate "2014.08.02"]
[EventType "swiss"]
[EventRounds "9"]
[EventCountry "NED"]
[Source "Mark Crowther"]
[SourceDate "2014.08.11"]

1. d4 e6 2. c4 Nf6 3. Nc3 Bb4 4. Qc2 c5 5. dxc5 Bxc5 6. Nf3 Qb6 7. e3 Qc7 8. b3
b6 9. Bb2 a6 10. Ne4 Bb4+ 11. Nfd2 Nxe4 12. Qxe4 O-O 13. Qe5 Qxe5 14. Bxe5 d5
15. a3 Nd7 16. Bb2 Bxd2+ 17. Kxd2 Nc5 18. Kc2 dxc4 19. Bxc4 Bb7 20. Bd4 Bxg2
21. Rhg1 Be4+ 22. Kb2 g6 23. h4 Rac8 24. Rac1 Rfd8 25. a4 Bd3 26. Bxc5 bxc5 27.
Rg5 h6 28. Rg4 Bxc4 29. Rgxc4 Rd5 30. a5 Kf8 31. b4 Rb8 32. Rxc5 Rxb4+ 33. Ka3
Rxc5 34. Rxc5 Rxh4 35. Rc6 Rh2 36. Rxa6 Rxf2 37. Rb6 Rf1 38. Rb2 Re1 39. a6
Rxe3+ 40. Ka4 Re1 41. Ra2 Rc1 42. a7 Rc8 43. Rb2 Kg7 44. Rb8 Rc1 45. Rb3 Rc8
1/2-1/2

[Event "18th HZ Open 2014"]
[Site "Vlissingen NED"]
[Date "2014.08.05"]
[Round "5.24"]
[White "Ducarmon, R."]
[Black "Kevlishvili, Robby"]
[Result "1/2-1/2"]
[WhiteElo "2099"]
[BlackElo "2277"]
[PlyCount "70"]
[EventDate "2014.08.02"]
[EventType "swiss"]
[EventRounds "9"]
[EventCountry "NED"]
[Source "Mark Crowther"]
[SourceDate "2014.08.11"]

1. e4 c5 2. Nf3 d6 3. d4 cxd4 4. Nxd4 Nf6 5. Nc3 a6 6. Bc4 e6 7. Bb3 Nbd7 8.
Bg5 Nc5 9. f4 Be7 10. Qf3 h6 11. Bh4 g5 12. fxg5 Nfd7 13. O-O Ne5 14. Qh5 Ng6
15. Qf3 Rf8 16. Bg3 hxg5 17. Rad1 Qb6 18. Na4 Qa5 19. Nxc5 Qxc5 20. Bf2 Qc7 21.
Ne2 Bd7 22. Bd4 Bc6 23. Bg7 O-O-O 24. Bxf8 Rxf8 25. Nd4 Ne5 26. Qc3 Bd7 27.
Qxc7+ Kxc7 28. Rf2 Rh8 29. Rdf1 Be8 30. Nf3 Nd7 31. c3 g4 32. Nd2 Rh7 33. Bc2
Ne5 34. a4 Bh4 35. Re2 Bg5 1/2-1/2

[Event "18th HZ Open 2014"]
[Site "Vlissingen NED"]
[Date "2014.08.05"]
[Round "5.25"]
[White "Vedder, R."]
[Black "Krasenkova, I."]
[Result "1-0"]
[WhiteElo "2277"]
[BlackElo "2063"]
[PlyCount "119"]
[EventDate "2014.08.02"]
[EventType "swiss"]
[EventRounds "9"]
[EventCountry "NED"]
[Source "Mark Crowther"]
[SourceDate "2014.08.11"]

1. e4 c6 2. d4 d5 3. e5 Bf5 4. Nc3 e6 5. g4 Bg6 6. Nge2 Bb4 7. Ng3 Ne7 8. h4 h6
9. a3 Bxc3+ 10. bxc3 Qa5 11. Bd2 Qa4 12. Ra2 Nd7 13. h5 Bh7 14. Qb1 b5 15. Be2
Nb6 16. O-O Rd8 17. f4 Be4 18. f5 exf5 19. gxf5 f6 20. e6 a6 21. Qb3 Qa5 22.
Qb4 Qa4 23. Bf4 Qxb4 24. axb4 Na4 25. Bd2 Ra8 26. c4 O-O 27. c5 Rfd8 28. Rf4
Kf8 29. Bg4 Ra7 30. Nxe4 dxe4 31. Rxe4 a5 32. Kf1 axb4 33. Bxb4 Nd5 34. Bd2
Nxc5 35. Rxa7 Nxe4 36. Ba5 Re8 37. Ke2 Nd6 38. Be1 Kg8 39. Rd7 Nc8 40. Bg3 Ncb6
41. Rb7 Ra8 42. Bf3 Re8 43. Bd6 Nc8 44. Bc5 Nce7 45. Bxe7 Nxe7 46. Rxe7 Rxe7
47. Bxc6 Rc7 48. d5 Kf8 49. Kd3 Ke7 50. Bxb5 Kd6 51. c4 g5 52. fxg6 f5 53. Be8
Ra7 54. Bf7 Ra3+ 55. Kd4 Rg3 56. c5+ Ke7 57. d6+ Kf6 58. e7 f4 59. e8=Q Kg5 60.
d7 1-0

[Event "18th HZ Open 2014"]
[Site "Vlissingen NED"]
[Date "2014.08.05"]
[Round "5.26"]
[White "Raghavi, N."]
[Black "Haak, E."]
[Result "1/2-1/2"]
[WhiteElo "2275"]
[BlackElo "2092"]
[PlyCount "116"]
[EventDate "2014.08.02"]
[EventType "swiss"]
[EventRounds "9"]
[EventCountry "NED"]
[Source "Mark Crowther"]
[SourceDate "2014.08.11"]

1. e4 e6 2. d4 d5 3. Nd2 Nf6 4. e5 Nfd7 5. f4 c5 6. c3 Nc6 7. Ndf3 Qb6 8. a3 a5
9. b3 Be7 10. h4 f6 11. h5 cxd4 12. cxd4 O-O 13. Bd3 fxe5 14. fxe5 Ndxe5 15.
dxe5 Nxe5 16. Bb1 Nxf3+ 17. Nxf3 e5 18. Qxd5+ Be6 19. Qd3 e4 20. Qxe4 Bf5 21.
Qd5+ Be6 22. Qd3 Bf5 23. Be3 Bf6 24. Bxb6 Bxd3 25. Bxd3 Bxa1 26. Bc4+ Kh8 27.
O-O Bb2 28. a4 Rf6 29. Ng5 Raf8 30. Nf7+ R8xf7 31. Bxf7 Rxb6 32. Bd5 Bd4+ 33.
Kh1 Rf6 34. Rc1 g5 35. Bxb7 g4 36. g3 Rh6 37. Rc4 Rxh5+ 38. Kg2 Bf6 39. Rxg4
Rg5 40. Re4 Be5 41. Re3 Kg7 42. Kh3 h5 43. Ba6 Bf6 44. Be2 Re5 45. Rxe5 Bxe5
46. b4 axb4 47. Bxh5 b3 48. Bd1 b2 49. Bc2 Bc3 50. Kh4 Be1 51. Kg4 Kf6 52. Kf4
Bd2+ 53. Kf3 Kg5 54. Bb1 Ba5 55. g4 Bc3 56. Bf5 Bb4 57. Ke2 b1=Q 58. Bxb1 Kxg4
1/2-1/2

[Event "18th HZ Open 2014"]
[Site "Vlissingen NED"]
[Date "2014.08.05"]
[Round "5.27"]
[White "Linster, P."]
[Black "Dijkhuis, Sven"]
[Result "1/2-1/2"]
[WhiteElo "2269"]
[BlackElo "1985"]
[PlyCount "140"]
[EventDate "2014.08.02"]
[EventType "swiss"]
[EventRounds "9"]
[EventCountry "NED"]
[Source "Mark Crowther"]
[SourceDate "2014.08.11"]

1. e4 c5 2. Nf3 e6 3. d3 d5 4. Nbd2 Nc6 5. g3 Nf6 6. Bg2 b6 7. O-O a5 8. Re1
Ba6 9. exd5 Nxd5 10. c4 Ndb4 11. Qa4 Qd7 12. Ne5 Nxe5 13. Qxd7+ Nxd7 14. Bxa8
Nc2 15. Re2 Nxa1 16. Nf3 Be7 17. Bc6 Bf6 18. Bg5 Ke7 19. Bxf6+ gxf6 20. Ba4 Bb7
21. Ne1 Ne5 22. f4 Bc6 23. fxe5 Bxa4 24. exf6+ Kxf6 25. Kf2 Rd8 26. Ke3 b5 27.
cxb5 Bxb5 28. Rd2 Ba4 29. Rf2+ Ke7 30. Rd2 f6 31. Ke2 e5 32. Ke3 Ke6 33. Ke2
Rb8 34. Ke3 Rb4 35. Rf2 h6 36. Rd2 Rb6 37. Rf2 Bc6 38. Rd2 Bd5 39. Rd1 Rxb2 40.
Rxa1 Bxa2 41. Nf3 Kd5 42. Nd2 f5 43. Rf1 Ke6 44. Rc1 Kd6 45. Rf1 Be6 46. Nc4+
Bxc4 47. dxc4 Rb3+ 48. Ke2 Ke6 49. Ra1 Rc3 50. Rxa5 Rxc4 51. Ra6+ Kd5 52. Rxh6
Ke4 53. Kd2 Kf3 54. Re6 Rd4+ 55. Kc3 Re4 56. Rf6 f4 57. gxf4 exf4 58. h4 Kf2
59. h5 f3 60. h6 Rh4 61. Kd3 Rd4+ 62. Kc3 Ke2 63. h7 Rh4 64. Rf7 f2 65. Re7+
Kf1 66. Rf7 c4 67. Re7 Rh2 68. Kxc4 Kg2 69. Rg7+ Kf1 70. Rf7 Kg1 1/2-1/2

[Event "18th HZ Open 2014"]
[Site "Vlissingen NED"]
[Date "2014.08.05"]
[Round "5.28"]
[White "Ducarmon, Q."]
[Black "Dijkstra, A."]
[Result "1-0"]
[WhiteElo "2479"]
[BlackElo "1984"]
[PlyCount "99"]
[EventDate "2014.08.02"]
[EventType "swiss"]
[EventRounds "9"]
[EventCountry "NED"]
[Source "Mark Crowther"]
[SourceDate "2014.08.11"]

1. e4 c6 2. Nc3 d5 3. Nf3 Bg4 4. h3 Bxf3 5. Qxf3 e6 6. d4 dxe4 7. Qxe4 Nf6 8.
Qd3 Be7 9. g3 Nbd7 10. Bg2 O-O 11. O-O Nb6 12. b3 Qd7 13. Bb2 Rad8 14. Rad1
Rfe8 15. Nb1 Qc7 16. Qf3 Nfd7 17. Rfe1 Bf6 18. Nc3 e5 19. Ne4 Be7 20. dxe5 Nxe5
21. Qf4 f6 22. a3 Nd5 23. Qc1 Bf8 24. Rd2 Ne7 25. Rde2 Nd7 26. Qe3 Nd5 27. Qf3
Ne5 28. Qh5 Qf7 29. Qxf7+ Nxf7 30. h4 f5 31. Nd2 Rxe2 32. Rxe2 f4 33. g4 Nh6
34. Bf3 Kf7 35. Ne4 Ne7 36. h5 Rd1+ 37. Kg2 Nd5 38. Ng5+ Kg8 39. Re8 Rd2 40.
Bxd5+ Rxd5 41. Ne6 Kf7 42. Rxf8+ Kxe6 43. Rxf4 Rg5 44. Kg3 g6 45. Kh4 Rc5 46.
hxg6 hxg6 47. Rf6+ Ke7 48. Rxg6 Nf7 49. c4 a5 50. Bd4 1-0

[Event "18th HZ Open 2014"]
[Site "Vlissingen NED"]
[Date "2014.08.05"]
[Round "5.29"]
[White "Steen, P."]
[Black "Erwich, Frank"]
[Result "0-1"]
[WhiteElo "2100"]
[BlackElo "2328"]
[PlyCount "52"]
[EventDate "2014.08.02"]
[EventType "swiss"]
[EventRounds "9"]
[EventCountry "NED"]
[Source "Mark Crowther"]
[SourceDate "2014.08.11"]

1. d4 Nf6 2. c4 e6 3. Nc3 Bb4 4. e3 b6 5. Nge2 Ne4 6. f3 Nxc3 7. bxc3 Bd6 8. e4
O-O 9. Ng3 c5 10. Be2 Nc6 11. Be3 cxd4 12. cxd4 f5 13. e5 Bb4+ 14. Bd2 Bxd2+
15. Qxd2 d6 16. f4 dxe5 17. dxe5 Qxd2+ 18. Kxd2 Ba6 19. Rac1 Rad8+ 20. Ke3 Nxe5
21. Rc3 Nc6 22. c5 Bxe2 23. Nxe2 Nb4 24. Rc4 bxc5 25. Rxc5 Rd3+ 26. Kf2 Ra3 0-1

[Event "18th HZ Open 2014"]
[Site "Vlissingen NED"]
[Date "2014.08.05"]
[Round "5.30"]
[White "Goossens, R."]
[Black "Sowray, P."]
[Result "1-0"]
[WhiteElo "2093"]
[BlackElo "2325"]
[PlyCount "63"]
[EventDate "2014.08.02"]
[EventType "swiss"]
[EventRounds "9"]
[EventCountry "NED"]
[Source "Mark Crowther"]
[SourceDate "2014.08.11"]

1. Nf3 d6 2. d4 Bg4 3. c4 Bxf3 4. exf3 c6 5. Nc3 g6 6. Be3 Bg7 7. h4 Nf6 8. Qd2
Nbd7 9. O-O-O a6 10. Kb1 b5 11. Bh6 Bxh6 12. Qxh6 Qa5 13. Qe3 bxc4 14. Bxc4 Nb6
15. Rhe1 O-O 16. Bb3 Rae8 17. h5 Qf5+ 18. Bc2 Nbd5 19. Nxd5 Nxd5 20. Qd2 Qf6
21. Rh1 Rb8 22. hxg6 fxg6 23. Bb3 Qf4 24. Qe2 Qf5+ 25. Ka1 e6 26. Qxa6 Rxb3 27.
axb3 Nb4 28. Qa7 Nc2+ 29. Ka2 Nb4+ 30. Ka1 Rf7 31. Qa8+ Kg7 32. Rxh7+ 1-0